[Event "Politiken Cup 35th"]
[Site "Helsingor"]
[Date "2013.08.04"]
[Round "10"]
[White "Hansen, Martin Mandrup"]
[Black "Norlander, Svante"]
[Result "0-1"]
[WhiteElo "1537"]
[BlackElo "1796"]
[PlyCount "62"]
[EventDate "2013.07.27"]
[EventType "swiss"]
[EventRounds "10"]
[EventCountry "DEN"]
[SourceTitle "CBM 155 Extra"]
[Source "ChessBase"]
[SourceDate "2013.08.26"]
[SourceVersion "1"]
[SourceVersionDate "2013.08.26"]
[SourceQuality "1"]

1. d4 Nf6 2. c4 c5 3. d5 b5 4. b3 g6 5. Bb2 Bg7 6. e4 d6 7. Nf3 Nbd7 8. Bd3 bxc4 9. bxc4 0-0 10. Nbd2 Qc7 11. 0-0 e6 12. dxe6 fxe6 13. Ng5 Re8 14. f4 Nf8 15. f5 e5 16. fxg6 Nxg6 17. Be2 Nf4 18. Rf2 h6 19. Ngf3 Ng4 20. Rf1 Ne3 21. Qb3 Nxe2+ 22. Kf2 Nxf1 23. Kxe2 Nxd2 24. Kxd2 Qf7 25. Qd3 Be6 26. Ke1 Red8 27. Kf2 Rab8 28. Bc3 Bxc4 29. Qd2 Ba6 30. Kg1 Qc4 31. Rc1 Qxe4 0-1